000 00538nam a2200193 i 4500
001 55207
003 ES-MaACL
005 20251120063130.0
007 t|
008 030916s1966 sp ||||1| spa d
100 1 _aDelgado, Jaime,
_d1923-1993
_9168244
245 1 0 _aLo nuestro /
_cJaime Delgado.
260 _aMadrid :
_b[Taurus],
_c1966.
300 _a98 p. ;
_c21 cm.
490 1 _aPalabra y tiempo ;
_v20
830 0 _aPalabra y Tiempo
_v20
_9230321
852 _aES-MaACL
_jC-31112
_bR.70205
999 _c55207
_d55207